00499nam a2200133Ia 4500008004100000100002500041245006100066260004600127300001800173650001300191856006900204999001900273952007300292160712s9999 xx 000 0 und d aRodriguez, Rommel B. cRommel B. RodriguezaPatakaran sa Wika at ang Pamantasan c2015bDaluyan: Journal ng Wikang Filipino avol. 21 no. 1 xFILIPINO uhttp://journals.upd.edu.ph/index.php/djwf/issue/view/525/showToc c297037d297037 001040aCLbCLd2016-07-12l0r2016-07-12 00:00:00w2016-07-12yFEJ